Statistics for Highest point of all countries

Click here to take the quiz!

General Stats

  • This quiz has been taken 13 times
  • The average score is 14 of 196

Answers on the Map

Answers color-coded by a green-red scale on the quiz's map according to % correct below.
 

Answer Stats

Country% Correct
Mount Everest
100%
K2
92%
Mont Blanc
85%
Denali
69%
Kilimanjaro
69%
Mount Fuji
69%
Mount Ararat
62%
Mount Elbrus
62%
Aconcagua
54%
Zugspitze
54%
Mount Kenya
38%
Teide
38%
Mount Olympus
31%
Aoraki/Mount Cook
23%
Chimborazo
23%
Mount Logan
23%
Dufourspitze
15%
Mount Cameroon
15%
Pico Bolívar
15%
Pico da Neblina
15%
Puncak jaya
15%
Triglav
15%
Coma Pedrosa
8%
Damavand
8%
Dinara
8%
Gerlachovský štít
8%
Grauspitz
8%
Halla-san
8%
Halti
8%
Huascarán
8%
Kachenjunga
8%
Khüiten Peak
8%
La Soufrière
8%
Montanha do Pico
8%
Monte Titano
8%
Mount Rysy
8%
Mount Scenery
8%
Mount Stanley
8%
Mount Wilhelm
8%
Musala
8%
Noshaq
8%
Ojos del Salado
8%
Signal de Botrange
8%
Sněžka
8%
Suur Munamägi
8%
Vatican Hill
8%
Aukštojas Hill
0%
Aýrybaba
0%
Bălănești Hill
0%
Banaba
0%
Baunez Ridge
0%
Big Ben
0%
Bikku Bitti
0%
Blue Mountain Peak
0%
Boggy Peak
0%
Bukit Pagon
0%
Bukit Timah Hill
0%
Carrauntoohil
0%
Cerro Catedral
0%
Cerro Chirripó
0%
Cerro el Pital
0%
Cerro las Minas
0%
Cerro Peró
0%
Chappal Waddi
0%
Cheekha Dar
0%
Command Bridge
0%
Deriba Caldera
0%
Dzyarzhynskaya Hara
0%
Doi Inthanon
0%
Doyle's Delight
0%
El Cerro del Aripo
0%
Emba Soira
0%
Emi Koussi
0%
Emlembe
0%
Fansipan
0%
Gaiziņkalns
0%
Galdhøpiggen
0%
Gangkhar Puensum
0%
Golem Korab
0%
Grossclockner
0%
Gunnbjørn Fjeld
0%
Gunung Kinabalu
0%
Hkakabo Razi
0%
Hombori Tondo
0%
Hoverla
0%
Hvannadalshnúkur
0%
Ismoil Somoni Peak
0%
Jabal Al Jais
0%
Jabal An-Nabi Shu'ayb
0%
Jabal Ferwa'
0%
Jabal Shams
0%
Jabal Umm ad Dami
0%
Jbel Toubkal
0%
Jebel ech Chambi
0%
Jengish Chokusu
0%
Juliana Top
0%
Kao
0%
Kebnekaise
0%
Kediet ej Jill
0%
Kékes
0%
Khan Tengri
0%
Khazret Sultan
0%
Kinyeti
0%
Kneiff
0%
Königstein
0%
Likiep
0%
Mafadi
0%
Mafinga Central
0%
Maglić
0%
Maromokotro
0%
Mauga Silisili
0%
Midžor
0%
Mogotón
0%
Moldoveanu
0%
Mont Agel
0%
Mont Agou
0%
Mont Bengoué
0%
Monte Binga
0%
Monte Torin
0%
Mont Idoukal-n-Taghès
0%
Mont Nabemba
0%
Mont Ngaoui
0%
Mont Nimba
0%
Mont Sokbaro
0%
Morne Diablotins
0%
Morne Seychellois
0%
Mount Afadjato
0%
Mountain of Smoke
0%
Mount Alvernia
0%
Mount Apo
0%
Mount Aragats
0%
Mount Bazardüzü
0%
Mount Bintumani
0%
Mount Catherine
0%
Mount Gimie
0%
Mount Heha
0%
Mount Hermon
0%
Mount Hillaby
0%
Mount Karisimbi
0%
Mount Karthala
0%
Mount Liamuiga
0%
Mount Moco
0%
Mount Mulanje
0%
Mount Ngerchelchuus
0%
Mount Nyangani
0%
Mount Peaktu
0%
Mount Pegat
0%
Mount Popomanaseu
0%
Mount Ramelau
0%
Mount Roraima
0%
Mount Saint Catherine
0%
Mount Tabwemasana
0%
Mount Tahat
0%
Mount Tenakourou
0%
Mount Villingili
0%
Mount Wuteve
0%
Mousa Ali
0%
Mutla Ridge
0%
Nanloud
0%
Niulakita
0%
Otse Hill
0%
Phnom Aural
0%
Phou Bia
0%
Pic la Selle
0%
Pico Basile
0%
Pico de São Tomé
0%
Pico do Fogo
0%
Pico Duarte
0%
Pico Simón Bolívar
0%
Pico Turquino
0%
Pidurutalagala
0%
Piton de la Petite Rivière Noire
0%
Qurayn Abu al Bawl
0%
Qurnat as Swada
0%
Ras Dejen
0%
Red Rock
0%
Sajama
0%
Saka Haphong
0%
Shimbiris
0%
Shkhara
0%
Ta'Dmejrek
0%
Thabana Ntlenyana
0%
Tomanivi
0%
Velika Rudoka
0%
Volcán Citlaltépetl
0%
Volcán Tajmulco
0%
Vulcán Barú
0%
Yu Shan
0%
Zla Kolata
0%

Score Distribution

Percentile by Number Answered

Percent of People with Each Score

Your Score History

You have not taken this quiz